| 000 | 00945nam a2200301 i 4500 | ||
|---|---|---|---|
| 003 | EG-GICUC | ||
| 005 | 20260428194600.0 | ||
| 008 | 260428s1910 fr ||||f |||| 000 0 fre d | ||
| 040 |
_aEG-GiCUC _bfre _cEG-GiCUC _dEG-GiCUC _eRda |
||
| 041 | _afre | ||
| 082 | 0 | 4 |
_221 _a343.525 _bDE . L |
| 092 | 0 | 4 | _221 |
| 099 | _aLaw1 10 343.525 DE . L 1910 1011003 | ||
| 100 | 1 |
_aDe Lanessan, J.-L. _eAuteur |
|
| 245 | 1 | 3 |
_aLa Lutte Contre Le Crime / _cPar J.-l. De Lanessan. |
| 264 | 1 |
_aParis : _bFelix Alcan Editeur Libraries Felix Alcan Et Guillaumin Regni , _c1910. |
|
| 300 |
_a304 page : _c 24 cm. |
||
| 336 |
_2rda contenu _a texte |
||
| 337 |
_2rda medias _aOrdinateur |
||
| 338 |
_2 transporteur rda _a Ressource en ligne |
||
| 650 | 1 | 4 | _aDroit pénal |
| 650 | 1 | 4 | _aCrimes internationaux |
| 650 | 1 | 4 | _aLutte |
| 651 | 1 | _2qrmak | |
| 856 | 4 | 0 | _uhttps://fll.law.cu.edu.eg/fulltext/bks/B10-11003.pdf |
| 905 | _a164 | ||
| 942 |
_2ddc _cBK _e21 _n0 |
||
| 999 |
_c73979 _d73979 |
||